Ako zvládnuť dopady krízy v malých a stredných podnikoch

Všeobecné problémy sektora MSP. Problémy MSP spôsobené finančnou krízou. Typy reakcie MSP v kríze. Súčasné trendy boja proti kríze v MSP. Ako zvládnuť finančnú krízu svojej firmy, desať rád krok za krokom... Opatrenia vlády SR voči dôsledkom finančnej krízy.

Salvato in:
Dettagli Bibliografici
Autore principale: Ježková, Renáta
Natura: Capitolo di libro
Lingua:slovacco
Soggetti:
Tags: Aggiungi Tag
Nessun Tag, puoi essere il primo ad aggiungerne!!

MARC

LEADER 00000naa$a2200000$$$4500
001 0096098
005 20230927074123.6
041 0 |a slo 
044 |a SK 
245 1 0 |a Ako zvládnuť dopady krízy v malých a stredných podnikoch  |c Renáta Ježková 
520 |a Všeobecné problémy sektora MSP. Problémy MSP spôsobené finančnou krízou. Typy reakcie MSP v kríze. Súčasné trendy boja proti kríze v MSP. Ako zvládnuť finančnú krízu svojej firmy, desať rád krok za krokom... Opatrenia vlády SR voči dôsledkom finančnej krízy. 
610 2 0 |a podnik malý 
610 2 0 |a podnik stredný 
610 2 0 |a kríza hospodárska 
610 2 0 |a kríza finančná 
610 2 0 |a opatrenia 
100 1 |a Ježková, Renáta